000 00562nam a22002297a 4500
003 UA-OsUOA
001 49877
007 ta
008 20071012b un ||||| |||| 00| 0 ukr d
100 _aСимоненко В.
090 _a821.161.2
_bС37
942 _cBK
040 _aUA-OsUOA
_bukr
_cUA-OsUOA
_dUA-OsUOA
245 _aТвори
300 _a317 с.
955 _a3
041 _aukr
080 _a821.161.2
260 _aЧеркаси
_c2004
650 7 _a82 Література. Літературознавство
_2UDC
999 _c335972
_d335972